Doña María Coronel (Record no. 167497)

MARC details
000 -LEADER
campo de control de longitud fija 00952nam a22002055i 4500
001 - NÚMERO DE CONTROL
campo de control 167497
003 - IDENTIFICADOR DE NÚMERO DE CONTROL
campo de control ES-MaACL
005 - FECHA Y HORA DE LA ÚLTIMA TRANSACCIÓN
campo de control 20250814063252.0
008 - DATOS DE LONGITUD FIJA--INFORMACIÓN GENERAL
campo de control de longitud fija 960320s1883 sp |||| | spa d
040 ## - FUENTE DE CATALOGACIÓN
Centro catalogador/agencia de origen AS
Lengua de catalogación spa
Centro/agencia transcriptor CCPB | SIC
100 1# - ENTRADA PRINCIPAL--NOMBRE DE PERSONA
Nombre de persona Vieyra de Abreu, Carlos,
Fechas asociadas al nombre 1854-1918
9 (RLIN) 114608
245 10 - MENCIÓN DEL TÍTULO
Título Doña María Coronel
Resto del título : estudio histórico acerca de la autenticidad de sus restos /
Mención de responsabilidad, etc. C. Vieyra de Abreu.
260 ## - PUBLICACIÓN, DISTRIBUCIÓN, ETC.
Lugar de publicación, distribución, etc. Madrid :
Nombre del editor, distribuidor, etc. [s.n.],
Fecha de publicación, distribución, etc. 1883 (
Fabricante Imprenta de Alfredo Alonso)
300 ## - DESCRIPCIÓN FÍSICA
Extensión XV, 86 p., [2] h., [2] h. de lam. ;
Dimensiones 18 cm.
595 ## -
-- Existen ejemp. impresos en papel verjurado.
599 ## - NOTA A LAS ILUSTRACIONES
NOTA A LAS ILUSTRACIONES La h. de lám. es un árbol genealógico de la familia Fernández Coronel.
600 14 - PUNTO DE ACCESO ADICIONAL DE MATERIA--NOMBRE DE PERSONA
Nombre de persona Coronel, María-
Subdivisión general Biografías.
9 (RLIN) 126590
852 ## - LOCALIZACIÓN
Ubicación ES-MaACL
Número de control de estantería T-401-F-14
Nota libre -- Enc. hol., falto de la enc. original
-- -- Ded. ms. del autor a la Biblioteca del Ateneo de Madrid
-- -- Enc. en un vol. facticio
Holdings
Estatus retirado Estado de pérdida Estado de daño No para préstamo Colección Biblioteca de origen Biblioteca actual Ubicación en estantería Fecha de adquisición Total de préstamos Signatura topográfica completa Código de barras Visto por última vez Precio de reemplazo Tipo de ítem Koha
        Colección de folletos Biblioteca del Ateneo de Madrid Biblioteca del Ateneo de Madrid Depósito folletos 17/01/2008   T-401-F-14 1175714 23/02/2023 23/02/2023 Folleto